| 000 | 00619nam a2200157Ia 4500 | ||
|---|---|---|---|
| 003 | IQ-KOUCL | ||
| 041 | _aArabic | ||
| 082 | _a346,07 cut-599 ح | ||
| 100 | _a20260118u\\\\\\\\\\\y0engy0103\\\\ba | ||
| 100 | _aا.م.د.ريواز فائق حسين | ||
| 245 | 0 | _aمدى سريان قاعدة نسبية اثر العقد على عقود التامين من المسؤولية وضمان الاستثمار ( دراسة تحليلية تطبيقية مقارنة ) | |
| 250 | _aط1 | ||
| 260 |
_bالمركز العربي للنشر والتوزيع _aالقاهرة - مصر _c2023 |
||
| 300 | _a334 | ||
| 942 | _cBk | ||
| 999 |
_c186593 _d186593 |
||